[Event "COL-ch sf"]
[Site "Pereira"]
[Date "2024.03.27"]
[Round "3"]
[White "Acevedo Hernandez, Fausto"]
[Black "Paez Villanueva, Santiago"]
[Result "0-1"]
[WhiteElo "1765"]
[BlackElo "1671"]
[PlyCount "110"]
[EventDate "2024.03.26"]
[EventType "swiss"]
[EventRounds "11"]
[EventCountry "COL"]
[SourceTitle "CB14_2024"]
[SourceDate "2024.04.01"]
[SourceVersion "1"]
[SourceVersionDate "2024.04.01"]
[SourceQuality "1"]

1. d4 Nf6 2. c4 e6 3. Nf3 Bb4+ 4. Bd2 Qe7 5. e3 0-0 6. Bd3 d5 7. a3 Bxd2+ 8. Nbxd2 c5 9. dxc5 dxc4 10. Nxc4 Qxc5 11. Rc1 Bd7 12. 0-0 Bc6 13. Nce5 Qb6 14. b4 Nbd7 15. Qc2 Nxe5 16. Nxe5 Bb5 17. Rfd1 a5 18. Qb2 Bxd3 19. Rxd3 axb4 20. Rd4 Rxa3 21. Rxb4 Qa6 22. h3 Ra2 23. Qd4 Nd5 24. Rb3 Qe2 25. Nd3 Rd2 26. Re1 Rd1 27. Rb1 Qxe1+ 28. Nxe1 Rxd4 29. exd4 Rb8 30. Rb5 b6 31. Nd3 f6 32. Kf1 Rc8 33. Nb4 Rc1+ 34. Ke2 Nc3+ 35. Kd2 Nxb5 36. Kxc1 Nxd4 37. Kb2 Kf7 38. Kc3 Ne2+ 39. Kd2 Nf4 40. g3 Nxh3 41. f4 Nf2 42. Ke2 Ne4 43. g4 f5 44. gxf5 exf5 45. Kd3 h6 46. Kd4 h5 47. Nd3 h4 48. Ne5+ Ke6 49. Nf3 h3 50. Kc4 Nd6+ 51. Kd4 Kf6 52. Kd5 b5 53. Kc5 Kg6 54. Kb4 Kh5 55. Nh2 Kh4 0-1

[Event "COL-ch sf"]
[Site "Pereira"]
[Date "2024.03.26"]
[Round "2"]
[White "Cifuentes Camacho, Miguel Angel"]
[Black "Paez Villanueva, Santiago"]
[Result "1-0"]
[WhiteElo "1870"]
[BlackElo "1671"]
[PlyCount "127"]
[EventDate "2024.03.26"]
[EventType "swiss"]
[EventRounds "11"]
[EventCountry "COL"]
[SourceTitle "CB14_2024"]
[SourceDate "2024.04.01"]
[SourceVersion "1"]
[SourceVersionDate "2024.04.01"]
[SourceQuality "1"]

1. e4 c5 2. Nf3 d6 3. d4 cxd4 4. Nxd4 Nf6 5. Nc3 a6 6. Bc4 e6 7. Bb3 Nbd7 8. 0-0 Nc5 9. Re1 Be7 10. a4 e5 11. Nde2 Nxb3 12. cxb3 Be6 13. b4 Qb6 14. b5 axb5 15. Be3 Qd8 16. Nxb5 Nxe4 17. Qc2 Nc5 18. Bxc5 dxc5 19. Qe4 0-0 20. Qxb7 Bf6 21. Nec3 Qd2 22. Re2 Qd7 23. Qxd7 Bxd7 24. Rd1 Be6 25. Nc7 Bb3 26. Nxa8 Bxd1 27. Nxd1 Rxa8 28. Nc3 Kf8 29. f3 e4 30. Rxe4 Bd4+ 31. Kf1 Rb8 32. Nb5 Bxb2 33. Rc4 Bd4 34. Nxd4 cxd4 35. Rxd4 Rb2 36. Re4 h5 37. Re2 Rb1+ 38. Kf2 Ra1 39. Re4 Ra3 40. h4 g6 41. Kg3 Ra2 42. Kh3 Ra3 43. Kg3 Ra2 44. Rb4 Kg7 45. Kh3 Ra3 46. Rf4 Rb3 47. g3 Ra3 48. Kg2 Ra2+ 49. Kf1 Kf8 50. g4 Ke7 51. g5 Rh2 52. Ke1 Ke6 53. a5 Ra2 54. a6 Ke5 55. Rf6 Ra4 56. Kf2 Rxh4 57. Rxf7 Ra4 58. Rf6 Ra3 59. Kg3 Rb3 60. Kh4 Rb1 61. Rxg6 Rh1+ 62. Kg3 Kf5 63. Rg7 Ra1 64. a7 1-0

[Event "Pereira GP op 2nd"]
[Site "Pereira"]
[Date "2023.10.22"]
[Round "4"]
[White "Paez Villanueva, Santiago"]
[Black "Burbano Rodriguez, Angel Gabriel"]
[Result "1-0"]
[WhiteElo "1357"]
[BlackElo "1357"]
[PlyCount "73"]
[EventDate "2023.10.21"]
[EventType "swiss"]
[EventRounds "6"]
[EventCountry "COL"]
[SourceTitle "Mega2024 Update 01"]
[Source "Chessbase"]
[SourceDate "2023.11.12"]
[SourceVersion "1"]
[SourceVersionDate "2023.11.12"]
[SourceQuality "1"]

1. e4 e5 2. Nf3 Nc6 3. Bb5 a6 4. Ba4 b5 5. Bb3 Bc5 6. c3 Nf6 7. Qe2 d6 8. 0-0 0-0 9. Rd1 Bg4 10. d3 h6 11. Nbd2 Ne7 12. h3 Bh5 13. g4 Bg6 14. Nf1 h5 15. g5 Nh7 16. Nh4 Kh8 17. Ng3 Ng8 18. Nxg6+ fxg6 19. d4 Bb6 20. h4 exd4 21. cxd4 Qc8 22. Kg2 Ne7 23. Be3 c6 24. Rac1 Qd7 25. e5 Nf5 26. Nxf5 gxf5 27. e6 Qe8 28. f4 d5 29. Bf2 g6 30. Qe5+ Kg8 31. Rxc6 Qxc6 32. Bxd5 Qe8 33. e7+ Rf7 34. Bxa8 Qxa8+ 35. d5 Qe8 36. d6 Bd8 37. Bd4 1-0

[Event "Pereira GP op 2nd"]
[Site "Pereira"]
[Date "2023.10.22"]
[Round "5"]
[White "Quevedo Bonilla, Paula Thaliana"]
[Black "Paez Villanueva, Santiago"]
[Result "1/2-1/2"]
[WhiteElo "1520"]
[BlackElo "1357"]
[PlyCount "44"]
[EventDate "2023.10.21"]
[EventType "swiss"]
[EventRounds "6"]
[EventCountry "COL"]
[SourceTitle "Mega2024 Update 01"]
[Source "Chessbase"]
[SourceDate "2023.11.12"]
[SourceVersion "1"]
[SourceVersionDate "2023.11.12"]
[SourceQuality "1"]

1. e4 c5 2. Nf3 d6 3. d4 cxd4 4. Nxd4 Nf6 5. Nc3 a6 6. f3 e5 7. Nb3 Be6 8. Be3 Nbd7 9. Qd2 b5 10. 0-0-0 Nb6 11. Qf2 Rb8 12. Nc5 Bc8 13. f4 Ng4 14. Qf3 Nxe3 15. Qxe3 Qc7 16. Nb3 Be7 17. Qg3 0-0 18. fxe5 dxe5 19. Nd4 Qc5 20. Nb3 Qc7 21. Nd4 Qc5 22. Nb3 Qc7 1/2-1/2

[Event "Pereira Fiestas de la Cosecha op"]
[Site "Pereira"]
[Date "2023.08.25"]
[Round "2"]
[White "Paez Villanueva, Santiago"]
[Black "Franco Perez, Yolima"]
[Result "1-0"]
[WhiteElo "1266"]
[BlackElo "1486"]
[PlyCount "99"]
[EventDate "2023.08.24"]
[EventType "swiss"]
[EventRounds "7"]
[EventCountry "COL"]
[SourceTitle "EXT 2024"]
[Source "ChessBase"]
[SourceDate "2023.10.10"]
[SourceVersion "1"]
[SourceVersionDate "2023.10.10"]
[SourceQuality "1"]

1. e4 e5 2. Nf3 Nc6 3. Bb5 a6 4. Ba4 Nf6 5. Qe2 Bc5 6. c3 0-0 7. 0-0 d6 8. d3 b5 9. Bb3 Re8 10. Bg5 b4 11. Nbd2 Bg4 12. h3 Bh5 13. Bd5 Qd7 14. Bxf6 gxf6 15. g4 Bg6 16. Bxc6 Qxc6 17. cxb4 Bxb4 18. Rfc1 Qb7 19. Nf1 Rad8 20. Ng3 d5 21. Nh4 dxe4 22. dxe4 Rd2 23. Qc4 Ba5 24. Qa4 Qb5 25. Qxb5 axb5 26. Rab1 Bb6 27. Rf1 Red8 28. Nf3 R2d3 29. Kg2 c5 30. Rfe1 c4 31. Re2 Rd1 32. Rxd1 Rxd1 33. Rc2 Bd4 34. a4 bxa4 35. Rxc4 Ra1 36. Nxd4 exd4 37. Rxd4 Ra2 38. Rd8+ Kg7 39. Ra8 h6 40. Kf1 Bh7 41. Kg2 Rxb2 42. Rxa4 Kf8 43. Ra8+ Ke7 44. Rh8 Bg6 45. Rxh6 Rb4 46. Nf5+ Ke6 47. f3 Rb2+ 48. Kg3 Ke5 49. Rh8 Bxf5 50. Rh5 1-0